Turizmus attitűd A helyi lakosok hozzáállása a turistákhoz és a turizmus fejlődése közötti kapcsolat

Bibliographic Details
Main Author: Hang Fatime
Other Authors: Nagy Dr. Éva
Format: Thesis
Kulcsszavak:Turizmus attitűd
Helyi lakosok
Percepció
Online Access:http://dolgozattar.uni-bge.hu/18344

MARC

LEADER 00000nta a2200000 i 4500
001 dolg18344
005 20190128103014.0
008 181129suuuu hu om 000 hun d
040 |a BGE Dolgozattár Repozitórium  |b hun 
041 |a hu 
100 1 |a Hang Fatime 
245 1 0 |a Turizmus attitűd A helyi lakosok hozzáállása a turistákhoz és a turizmus fejlődése közötti kapcsolat  |c Hang Fatime  |h [elektronikus dokumentum] 
246 1 1 |a Turizmus attitűd A helyi lakosok hozzáállása a turistákhoz és a turizmus fejlődése közötti kapcsolat 
695 |a Turizmus attitűd 
695 |a Helyi lakosok 
695 |a Percepció 
700 1 |a Nagy Dr. Éva  |e ths 
856 4 0 |u http://dolgozattar.uni-bge.hu/18344/1/Hang%20Fatime_G7ZY2K_szakdolgozat.pdf  |z Dokumentum-elérés